LEADER 02434nab a2200733 i 4500
001 publ24673
005 20221205093908.0
008 220708s2022 hu o 0|| Angol d
022 |a 0017-5749 
024 7 |a 10.1136/gutjnl-2021-326853  |2 doi 
024 7 |a 32607518  |2 mtmt 
040 |a SZTE Publicatio Repozitórium  |b hun 
041 |a Angol 
100 1 |a Szentesi Andrea Ildikó 
245 1 0 |a Alcohol consumption and smoking dose-dependently and synergistically worsen local pancreas damage  |h [elektronikus dokumentum] /  |c  Szentesi Andrea Ildikó 
260 |c 2022 
300 |a 2601-2602 
490 0 |a GUT  |v 71 No. 12 
650 4 |a Klinikai orvostan 
700 0 2 |a Borbásné Farkas Kornélia  |e aut 
700 0 2 |a Sipos Zoltán  |e aut 
700 0 2 |a Mátrai Péter  |e aut 
700 0 2 |a Vincze Áron  |e aut 
700 0 2 |a Izbéki Ferenc  |e aut 
700 0 2 |a Párniczky Andrea  |e aut 
700 0 2 |a Hegyi Péter  |e aut 
700 0 2 |a Kollaborációs szervezet: Hungarian Pancreatic Study Group  |e aut 
700 0 2 |a Erőss Bálint  |e aut 
700 0 2 |a Hegyi Péter Jenő  |e aut 
700 0 2 |a Váncsa Szilárd  |e aut 
700 0 2 |a Nagy Rita  |e aut 
700 0 2 |a Márta Katalin  |e aut 
700 0 2 |a Ocskay Klementina  |e aut 
700 0 2 |a Juhász Márk Félix  |e aut 
700 0 2 |a Imrei Marcell  |e aut 
700 0 2 |a Földi Mária  |e aut 
700 0 2 |a Kiss Szabolcs  |e aut 
700 0 2 |a Németh Balázs  |e aut 
700 0 2 |a Takács Tamás  |e aut 
700 0 2 |a Czakó László  |e aut 
700 0 2 |a Gódi Szilárd  |e aut 
700 0 2 |a Bajor Judit  |e aut 
700 0 2 |a Sarlós Patrícia  |e aut 
700 0 2 |a Gajdán László  |e aut 
700 0 2 |a Papp Mária  |e aut 
700 0 2 |a Hamvas József  |e aut 
700 0 2 |a Varga Márta  |e aut 
700 0 2 |a Novák János  |e aut 
700 0 2 |a Bod Barnabás  |e aut 
700 0 2 |a Nagy Tamás  |e aut 
700 0 2 |a Faluhelyi Nándor  |e aut 
700 0 2 |a Gede Noémi  |e aut 
700 0 2 |a Bunduc Stefania  |e aut 
700 0 2 |a Hussein Tamás  |e aut 
700 0 2 |a Lipp Mónika  |e aut 
700 0 2 |a Németh Anna  |e aut 
700 0 2 |a Urbán Orsolya  |e aut 
700 0 2 |a Tarján Dorottya  |e aut 
700 0 2 |a Tóth Simon  |e aut 
700 0 2 |a Pécsi Dániel  |e aut 
700 0 2 |a Varjú Péter  |e aut 
700 0 2 |a Zádori Noémi  |e aut 
856 4 0 |u http://publicatio.bibl.u-szeged.hu/24673/3/32607518.pdf  |z Dokumentum-elérés  
856 4 0 |u http://publicatio.bibl.u-szeged.hu/24673/1/gutjnl-2021-326853.full.pdf  |z Dokumentum-elérés